Grands Lacs d'Afrique - Statistiques

Statistiques générales
  • Ce quiz a été pris 6 976 fois
  • Le résultat moyen est 3 sur 9
Réponses sur la Carte
Les réponses sont colorées sur une échelle allant du rouge au vert en fonction du pourcentage des utilisateurs qui les ont devinées à leur premier essai. Vous pouvez retrouver ces pourcentages ci-dessous.
 
Statistiques - réponses
km 2 Lac % Correct
68 800 Lac Victoria
96%
29 600 Lac Malawi
65%
32 900 Lac Tanganyika
43%
5 300 Lac Albert
18%
2 700 Lac Kivu
18%
2 325 Lac Édouard
15%
6 405 Lac Turkana
13%
5 120 Lac Moero
10%
5 760 Lac Rukwa
10%
Aucun quiz correspondant
Distribution des résultats
% des personnes avec chaque résultat
Percentile par nombre de réponses
Votre historique - résultats
Vous n’avez pas pris ce quiz